| 000 | 00955cab a2200277 4500 | ||
|---|---|---|---|
| 001 | ABS59454 | ||
| 008 | 090401t1998 xxu||||| |||| 00| 0 eng d | ||
| 035 | _a(Sirsi) u89402 | ||
| 041 | _aeng | ||
| 100 | _aJones, C. | ||
| 245 | _aImpact predicitions: do they come true? | ||
| 260 | _c1998 | ||
| 350 | _a0 | ||
| 490 |
_aPlanning (for the Natural and Built Environment) _v(1291) 23 October 1998, 14-15(2) |
||
| 520 | _aQuestions the accuracy and follow-up procedure for environmental impact assessments, claiming that post development monitoring is often only carried out upon the receival of a complaint. | ||
| 650 | _aENVIRONMENTAL AUDITING | ||
| 650 | _aENVIRONMENTAL IMPACT ASSESSMENTS | ||
| 650 | _aENVIRONMENTAL MONITORING | ||
| 650 | _aENVIRONMENTAL STATEMENTS | ||
| 650 | _aPLANNING CONTROL | ||
| 690 | _aENVIRONMENTAL AND LAND CONSULTANCY | ||
| 700 | _aWood, C. | ||
| 700 | _aDipper, B. | ||
| 942 | _n0 | ||
| 948 | _c02/11/1998 | ||
| 999 |
_c56550 _d56550 |
||